000 00586nam a22001937a 4500
003 LCc
005 20140310182812.0
008 130222t xxu||||| |||| 00| 0 eng d
020 _a9781599400990
050 _aRT 85.6
_b.N865 2007
245 _aThe nurse’s role in medication safety
_cJoint Commission Resources ; [edited by Laura Cima and Sean Clarke]
260 _aOakbrook Terrace, Ill.
_bJoint Commission Resources
_cc2007
300 _aviii, 184 p. :
_bill. ;
_c23 cm.
521 _aNUR
526 _c1210L-1700L
562 _e1
942 _2lcc
_cBK
_kFOR
999 _c16194
_d16194